000 00362nam a22001457a 4500
003 OSt
005 20160727222420.0
008 160627b xxu||||| |||| 00| 0 eng d
040 _cTEST
100 _91248
_aMagnusson, M
245 _aHistory of the World
260 _aBOMBAY
_bRAJENDRA PUBLICATION HOUSE
_c1992
300 _aHistory of the World
942 _2ddc
_cBK
999 _c1022
_d1022